| 000 | 00681nam a2200229 i 4500 | ||
|---|---|---|---|
| 001 | bgj | ||
| 100 | 1 | _aHOWARD, Michael. | |
| 245 | 1 | 0 |
_aKurze Geschichte des Ersten Weltkriegs : _bmit 12 Abildungen im Text, 7 Karten und einem Farbbildteil / _cMichael Howard ; aus dem Englischen von Helmut Reuter. |
| 260 |
_aMünchen ; _aZürich : _bPiper, _c2004. |
||
| 300 |
_a202, [1] s., 4 k. : _bil., mapy ; _c21 cm. |
||
| 504 | _aIndeks. | ||
| 650 | 9 | _aHistoria | |
| 700 | 1 | _aREUTER, Helmut. | |
| 020 | _a349204588X | ||
| 040 | _cBPK | ||
| 041 | 0 | _ager | |
| 044 | _aDEU | ||
| 080 | _a93/94 | ||
| 920 | _a3-492-04588-X | ||
| 942 | _cKS | ||
| 008 | s gw f |000 0 ger | ||
| 999 |
_c49981 _d49981 |
||
| 856 |
_uhttp://koha.tu.koszalin.pl/cgi-bin/koha/opac-detail.pl?biblionumber=49981 _yKatalog online BPK |
||